Drug abused : (Record no. 150632)

MARC details
000 -LEADER
fixed length control field 00937nam a22002537a 4500
005 - DATE AND TIME OF LATEST TRANSACTION
control field 20180402172136.0
010 ## - LCCN (DPL NO)
LC control number ENG-122440
020 ## - INTERNATIONAL STANDARD BOOK NUMBER
International Standard Book Number 9788171393428
Terms of availability 800.00
035 ## - SYSTEM CONTROL NUMBER
System control number EN-105972
037 ## - SOURCE OF ACQUISITION
Source of stock number/acquisition DBAD/PUB
082 ## - DEWEY DECIMAL CLASSIFICATION NUMBER
Classification number 362.29
245 ## - TITLE STATEMENT
Title Drug abused :
Statement of responsibility, etc ed. by Priya Ranjan Trivedi, Vimala Veeraraghavan [and] Shyam Narayan Pandey Adv. by Aaradhana Salpekar, Rahul rai [and] Avinash Chiranjeev
Remainder of title recent treands in treatment and rehabilitation /
260 ## - PUBLICATION, DISTRIBUTION, ETC. (IMPRINT)
Place of publication, distribution, etc New Delhi
Name of publisher, distributor, etc Jnanada Prakashan (P&D)
Date of publication, distribution, etc 2009
270 ## - ADDRESS
Address 4837/2, 24, Ansari Road, Daryaganj,
City New Delhi
Postal code 110002
300 ## - PHYSICAL DESCRIPTION
Extent 330p.
Other physical details ill.
Dimensions 21cm(Hb)
500 ## - GENERAL NOTE
General note Includes bibliography [and] index
700 ## - ADDED ENTRY--PERSONAL NAME
Dates associated with a name Trivedi, Priya Ranjan
700 ## - ADDED ENTRY--PERSONAL NAME
Dates associated with a name Veeraraghavan, Vimala
700 ## - ADDED ENTRY--PERSONAL NAME
Dates associated with a name Pandey, Shyam Narayan
700 ## - ADDED ENTRY--PERSONAL NAME
Dates associated with a name Salpekar, Aaradhana
700 ## - ADDED ENTRY--PERSONAL NAME
Dates associated with a name rai, Rahul
700 ## - ADDED ENTRY--PERSONAL NAME
Dates associated with a name Chiranjeev, Avinash
942 ## - ADDED ENTRY ELEMENTS (KOHA)
Source of classification or shelving scheme Dewey Decimal Classification
Item type English Books
Classification part 362.29
Call number suffix DRU
Holdings
Withdrawn status Lost status Not for loan Collection code Home library Current library Date acquired Source of acquisition Cost, normal purchase price Full call number Barcode Copy number Cost, replacement price Koha item type
    Not For Loan Non-fiction D.B.Act.Division Shahdara Branch 02/04/2018 DBAD/PUB 800.00 362.29 DRU EN-105972 1 800.00 English Books

© Delhi Public Library
Hit Counter
free hit counter